000 00287nam a22001337a 4500
008 190222b xxu||||| |||| 00| 0 eng d
020 _a128519408
041 _aeng
080 _210e
_a510
100 _a36
101 _aMAT
245 _aElementary Algebra
_cKaufmann
942 _2udc
_cBK
999 _c54133
_d54133